logo

Bir Sreshtho Munshi Abdur Rouf Library
Jhenaidah Cadet College

Introductory College Mathematics / (Record no. 5400)

MARC details
000 -LEADER
fixed length control field 00566nam a2200217 a 4500
001 - CONTROL NUMBER
JCCL Control Number 5400
003 - CONTROL NUMBER IDENTIFIER
JCCL marc code BD-JhCC
005 - DATE AND TIME OF LATEST TRANSACTION
control field 20220524134021.0
008 - FIXED-LENGTH DATA ELEMENTS--GENERAL INFORMATION
fixed length control field 171213s1970 caua|||| |||| 00| 0 eng d
035 ## - SYSTEM CONTROL NUMBER
system control number (BD-JhCC)
040 ## - CATALOGING SOURCE
Original cataloging agency BD-JhCC
Modifying agency BD-JhCC
041 ## - LANGUAGE CODE
Language code of Book eng
082 ## - DEWEY DECIMAL CLASSIFICATION NUMBER
Classification number 510
Author mark and Year WHI 1970
100 ## - MAIN ENTRY--PERSONAL NAME
Personal name White, Paul A.
245 ## - TITLE STATEMENT
Title Introductory College Mathematics /
Statement of responsibility, etc Paul A. White
260 ## - PUBLICATION, DISTRIBUTION, ETC. (IMPRINT)
Place of publication, distribution, etc California :
Name of publisher, distributor, etc Dickenson Publishing Company,
Date of publication, distribution, etc 1970
300 ## - PHYSICAL DESCRIPTION
Pagination 607 p. :
Other physical details ill. ;
Dimensions 26cm.
650 ## - SUBJECT ADDED ENTRY--TOPICAL TERM
Topical term or geographic name as entry element Mathematics
942 ## - ADDED ENTRY ELEMENTS (KOHA)
Source of classification or shelving scheme Dewey Decimal Classification
Koha item type Books
Koha issues (borrowed), all copies 4
Holdings
Source of classification or shelving scheme Damaged status Not for loan Home library Current library Shelving location Date of accession Total Checkouts Full call number Barcode Date last seen Date checked out Copy number Koha item type
Dewey Decimal Classification     JCC Rouf Library JCC Rouf Library General Stacks 09/10/2023 3 510 WHI 1970 7537 11/19/2025 08/06/2025 C - 1 Books
Dewey Decimal Classification     JCC Rouf Library JCC Rouf Library General Stacks 01/24/2018 1 510 WHI 1970 8704 12/22/2022 10/25/2021 C-2 Books

JCC Library | Contacts | JCC Home

Last Update on 23 September 2017
Copyright @ 2017-2020 JCC Rouf Library
Rouf Library, Jhenidah Cadet College (JCC), Bangladesh